Význam politicko-ekonomických faktorů v období transformace

Prierez dostupnými alternatívnymi prístupami k hodnoteniu transformácie na pozadí rastovej výkonnosti evropských tranzitívnych ekonomík, vrátane porovnania s vybranou skupinou vyspelých krajín. Tieto prístupy sú rozdelené do štyroch základných oblastí. Prvý zahrňuje úroveň ľudského rozvoja vrátane d...

Ausführliche Beschreibung

Gespeichert in:
Bibliographische Detailangaben
1. Verfasser: Kadeřábková, Anna
Weitere Verfasser: Žák, Milan
Format: Buchkapitel
Sprache:Tschechisch
Schlagworte:
Tags: Tag hinzufügen
Keine Tags, Fügen Sie das erste Tag hinzu!

MARC

LEADER 00000naa a2200000 4500
001 r046748
005 20231002112543.1
041 0 |a cze 
044 |a CZ 
245 1 0 |a Význam politicko-ekonomických faktorů v období transformace  |c Anna Kadeřábková, Milan Žák 
520 |a Prierez dostupnými alternatívnymi prístupami k hodnoteniu transformácie na pozadí rastovej výkonnosti evropských tranzitívnych ekonomík, vrátane porovnania s vybranou skupinou vyspelých krajín. Tieto prístupy sú rozdelené do štyroch základných oblastí. Prvý zahrňuje úroveň ľudského rozvoja vrátane dôchodkovej nerovnosti a úroveň politických práv a občianskych slobôd. Druhý porovnáva počiatočné podmienky, ktoré krajiny zdedili z obdobia socializmu, rýchlosť a rozsah liberalizácie (tzv. štrukturálnych reforiem). Tretia oblasť hodnotí kvalitu transformácie inštitúcií vrátane vývoja ekonomickej slobody. Štvrtá je venovaná korupcii, ktorá v niektorých tranzitívnych ekonomikách predstavuje závažný problém politického a ekonomického prostredia. 
610 2 0 |a reformy hospodárske 
610 2 0 |a transformácia 
610 2 0 |a SVE 
610 2 0 |a faktory rastu hospodárskeho 
610 2 0 |a výkonnosť 
610 2 0 |a rozvoj pracovníkov 
610 2 0 |a liberalizácia 
610 2 0 |a sloboda ekonomická 
610 2 0 |a korupcia 
610 2 0 |a produkt domáci hrubý 
100 1 |a Kadeřábková, Anna 
700 1 |a Žák, Milan